00782naa a22002297a 4500001001000000003000900010005001700019007000300036008003400039040005400073041000900127072001400136100002200150100001800172245007900190260003800269500009200307650001000399650003100409650001200440773010000452BR7900699BR-BrBNA20240918174315.0ta230509b bl.||||| |||| 00| 0 por d aBR-BrBNAbporcBiblioteca Nacional de Agricultura a(Pt) aF30b01201 aOliveira, C.D. de1 aTosello, G.A.1 aComportamento comparativo de quatro cultivares de milho (Zea mays L.)opaco3 aPiracicaba, SP (Brasil): c1978.  aRelatorio cientifico - 1977 Piracicaba, SP (Brasil): 1978. p. 95-100 (BR7900699-AM)F30  aMILHO aCOMPORTAMENTO DE VARIEDADE aHIBRIDO0 tRelatorio cientifico - 1977 : no. 11 / wF30 BR7900679gPiracicaba, SP (Brasil), 1978. q175 p.